000 00556nam a2200205Ia 4500
005 20250508161657.0
008 008 250505s9999 xx 000 0 eng d
037 _aTextual
040 _aFEDL
_beng
_cFEDL
041 _aeng
_2eng
084 _a371.3, BOT
_qFEDL
100 _aBotel Morton Ed.
_9771300
245 0 _aHow to teach reading
250 _a4
260 _aChicago, USA
_bFollett Educational Corporation
_c1963
300 _a149p
650 _aTeaching Technique
942 _cTEXL
_h371.3, BOT
999 _c1371498
_d1371498